विज्ञानी सर आइज़क न्यूटनः (Record no. 75464)

MARC details
000 -LEADER
fixed length control field 01241nam a22002297a 4500
005 - DATE AND TIME OF LATEST TRANSACTION
control field 20180813130708.0
010 ## - LCCN (DPL NO)
LC control number HIN-99041 B-700539-545
020 ## - INTERNATIONAL STANDARD BOOK NUMBER
Terms of availability 350.00
International Standard Book Number 9788188376186
035 ## - SYSTEM CONTROL NUMBER
System control number HN-71387
035 ## - SYSTEM CONTROL NUMBER
System control number B-700539-545
037 ## - SOURCE OF ACQUISITION
Source of stock number/acquisition DBAD / PUB
082 ## - DEWEY DECIMAL CLASSIFICATION NUMBER
Classification number 920
082 ## - DEWEY DECIMAL CLASSIFICATION NUMBER
Classification number 509.2
100 ## - MAIN ENTRY--PERSONAL NAME
Personal name पाण्डेय, ललित किशोर
245 ## - TITLE STATEMENT
Title विज्ञानी सर आइज़क न्यूटनः
Statement of responsibility, etc ललित किशोर पाण्डेय
Remainder of title जीवन और कृतित्व /
246 ## - VARYING FORM OF TITLE
Title proper/short title Vigyani sir Isaac newton
Remainder of title by Lalit Kishor Pandey
260 ## - PUBLICATION, DISTRIBUTION, ETC. (IMPRINT)
Place of publication, distribution, etc दिल्ली
Name of publisher, distributor, etc कीन बुक्स
Date of publication, distribution, etc 2012
-- 2017
270 ## - ADDRESS
Address 18-बी, साउथ अनारकली
City दिल्ली
Postal code 110051
300 ## - PHYSICAL DESCRIPTION
Extent 168पृ.
Dimensions 22सेमी (सजिल्द)
942 ## - ADDED ENTRY ELEMENTS (KOHA)
Source of classification or shelving scheme Dewey Decimal Classification
Item type Hindi Books
Classification part 920
Call number suffix पाण्डेय
Holdings
Withdrawn status Lost status Not for loan Collection code Home library Current library Date acquired Source of acquisition Cost, normal purchase price Full call number Barcode Copy number Cost, replacement price Koha item type
    Not For Loan Non-fiction D.B.Act.Division Ashok Vihar 13/05/2013 DBAD / PUB 300.00 920 अइज़ HN-71387 1 300.00 Hindi Books
      Non-fiction Ashok Vihar Ashok Vihar 13/08/2018 कृतिका बुक्स/211/14-05-18/106/27-04/18/23-07-18 350.00 920 पाण्डेय B-700540 1 350.00 Hindi Books
      Non-fiction Bawana Bawana 13/08/2018 कृतिका बुक्स/211/14-05-18/106/27-04/18/23-07-18 350.00 920 पाण्डेय B-700544 1 350.00 Hindi Books
      Non-fiction Central Library Central Library 13/08/2018 कृतिका बुक्स/211/14-05-18/106/27-04/18/23-07-18 350.00 920 पाण्डेय B-700539 1 350.00 Hindi Books
      Non-fiction Janak Puri Janak Puri 13/08/2018 कृतिका बुक्स/211/14-05-18/106/27-04/18/23-07-18 350.00 920 पाण्डेय B-700542 1 350.00 Hindi Books
      Non-fiction Patel Nagar Patel Nagar 13/08/2018 कृतिका बुक्स/211/14-05-18/106/27-04/18/23-07-18 350.00 920 पाण्डेय B-700541 1 350.00 Hindi Books
      Non-fiction Sarojini Nagar Sarojini Nagar 13/08/2018 कृतिका बुक्स/211/14-05-18/106/27-04/18/23-07-18 350.00 920 पाण्डेय B-700543 1 350.00 Hindi Books
      Non-fiction Shahdara Branch Shahdara Branch 13/08/2018 कृतिका बुक्स/211/14-05-18/106/27-04/18/23-07-18 350.00 920 पाण्डेय B-700545 1 350.00 Hindi Books

© Delhi Public Library
Hit Counter
free hit counter